[Event "9th Niki Open"]
[Site "Nachod CZE"]
[Date "2011.07.05"]
[Round "4.7"]
[White "Vrana,J"]
[Black "Malivanek,J"]
[Result "1/2-1/2"]
[WhiteElo "2306"]
[BlackElo "2135"]

1.e4 e6 2.d4 d5 3.Nd2 a6 4.Ngf3 Nf6 5.Bd3 c5 6.c3 Nc6 7.exd5 Nxd5 8.O-O cxd4
9.cxd4 Ndb4 10.Ne4 Nxd3 11.Qxd3 Nb4 12.Qb3 Nd5 13.Bg5 f6 14.Bd2 Qb6 15.Qxb6 Nxb6
16.Rac1 Nd5 17.Nc3 Bd6 18.Nxd5 exd5 19.Ba5 Bg4 20.Bc7 Kd7 21.Bxd6 Kxd6 22.Nd2 Rac8
23.f3 Bf5 24.Kf2 Rhe8 25.Rfe1 Rxe1 26.Rxe1 Rc2 27.Ke3 Rxb2 28.Re2 Kc6 29.Nb3 Rxe2+
30.Kxe2 Kb5 31.Kd2 Kc4 32.Na5+ Kxd4 33.Nxb7 Bb1 34.a3 Kc4 35.Nd6+ Kb3 36.Ne8 Kxa3
37.Nxg7 Bg6 38.Kc3 Ka4 39.Ne6 Bf7 40.Nf8 h6 41.Nd7 f5 42.Ne5 Be6 43.Nc6 Bd7
44.Ne5 Be8 45.g4 fxg4 46.fxg4 Kb5 47.h4 Kc5 48.Nd3+ Kd6 49.g5 h5 50.Kd4 a5
51.Nf4 a4 52.Nxd5 a3 53.Nb4 Bg6 54.Kc3 Ke5 55.Nc6+ Kf4 56.Ne7 Be8 57.g6  1/2-1/2

[Event "Lev Polugaevsky Mem"]
[Site "Samara RUS"]
[Date "2011.07.05"]
[Round "1"]
[White "Chan,Na"]
[Black "Sabaev,E"]
[Result "0-1"]
[WhiteElo "1772"]
[BlackElo "2252"]

1.d4 e6 2.e4 d5 3.Nd2 Nc6 4.c3 e5 5.dxe5 Nxe5 6.Qa4+ c6 7.Qd4 Qe7 8.f4 Ng4
9.Ngf3 dxe4 10.Qxe4 N8f6 11.Qxe7+ Bxe7 12.Bd3 Bc5 13.Rf1 O-O 14.Nc4 Re8+
15.Kd2 Nf2 16.Nce5 Nxd3 17.Nxd3 Bb6 18.c4 Bf5 19.Nfe5 Rad8 20.Rf3 Ne4+ 21.Ke1 f6  0-1

[Event "TCh-TUR 2nd League 2011"]
[Site "Konya TUR"]
[Date "2011.07.06"]
[Round "3"]
[White "Kobalia,M"]
[Black "Zherebukh,Y"]
[Result "1-0"]
[WhiteElo "2679"]
[BlackElo "2590"]

1.e4 e6 2.d4 d5 3.Nd2 Nc6 4.Ngf3 Nf6 5.e5 Nd7 6.Nb3 a5 7.a4 b6 8.Bb5 Na7
9.Be2 c5 10.c3 Be7 11.O-O O-O 12.Be3 Nc6 13.Bb5 Bb7 14.Nc1 c4 15.b3 cxb3
16.Qxb3 Qc7 17.Ne2 Rfc8 18.Rfc1 Qd8 19.Nf4 Rc7 20.Bd2 Rac8 21.Qd1 Nf8 22.Rcb1 Nb8
23.Qe2 Bc6 24.Bd3 Rb7 25.Rb2 Qe8 26.Qd1 Bd8 27.c4 dxc4 28.Bxc4 Rd7 29.Bb5 Bxb5
30.Rxb5 Nc6 31.Rc1 Ne7 32.Rxc8 Nxc8 33.Be3 Ne7 34.Nd2 Nf5 35.Nc4 Rc7 36.Nd2 Qc6
37.Rb1 Qc2 38.d5 g5 39.Bxb6 gxf4 40.Bxc7 Qxc7 41.d6 Qc8 42.Qc1 Qa8 43.Nf3 f6
44.Qxf4 Qd5 45.Qd2 Qxd2 46.Nxd2 Nd7 47.Nc4 Kf7 48.Rb7 Ke8 49.exf6 Nxf6 50.Ra7 Ne4
51.d7+  1-0

[Event "TCh-TUR 2011"]
[Site "Konya TUR"]
[Date "2011.07.06"]
[Round "10"]
[White "Korkmaz,N"]
[Black "Dogan,A"]
[Result "1/2-1/2"]
[WhiteElo "2189"]
[BlackElo "2130"]

1.e4 e6 2.d4 d5 3.Nd2 Be7 4.Ngf3 Nf6 5.Bd3 c5 6.e5 Nfd7 7.c3 Nc6 8.O-O a5
9.Re1 cxd4 10.cxd4 g5 11.h3 h5 12.g4 hxg4 13.hxg4 Qb6 14.Qa4 Qb4 15.Qxb4 Nxb4
16.Bb1 a4 17.a3 Nc6 18.Bd3 Nb6 19.Kg2 Na5 20.Nf1 Nbc4 21.Rb1 Nb3 22.N1d2 Ncxd2
23.Bxd2 Nxd2 24.Nxd2 Bd7 25.Rbc1 b5 26.Nf3 Rb8 27.Rc2  1/2-1/2

[Event "9th Mukachevo Rating"]
[Site "Mukachevo UKR"]
[Date "2011.07.06"]
[Round "3"]
[White "Fediv,A1"]
[Black "Sychevskyy,Andriy"]
[Result "0-1"]
[WhiteElo "2200"]
[BlackElo "1938"]

1.e4 e6 2.d4 d5 3.Nd2 Nc6 4.Ngf3 Nf6 5.e5 Nd7 6.c3 f6 7.exf6 Qxf6 8.Bd3 Bd6
9.Nf1 h6 10.Ne3 O-O 11.Bc2 Rd8 12.Qd3 Nf8 13.Ng4 Qe7 14.Nge5 Nxe5 15.dxe5 Bc5
16.Bf4 Bd7 17.h4 Be8 18.h5 d4 19.cxd4 Bb4+ 20.Nd2 c5 21.Qg3 Kh8 22.a3 Ba5
23.Kf1 Bxd2 24.Bxd2 Rxd4 25.Be3 Bb5+ 26.Kg1 Rd7 27.Rh4 Rad8 28.Rg4 Bd3 29.Ba4 b5
30.Bb3 c4 31.Ba2 Be2 32.f3 Rd1+ 33.Rxd1 Rxd1+ 34.Kh2 Ra1 35.Qf2 Bd3 36.Bc5 Qf7
37.Qh4 Nd7 38.Rf4 Qe8 39.Bxc4 Bxc4 40.Bxa7 Rd1 41.Bd4 Rd2 42.Bc3 Re2 43.a4 Bd3
44.a5 Rc2 45.Rd4 Bf1 46.Rg4 b4 47.Bxb4 Nxe5 48.Rg3 Bxg2 49.Qf4 Qxh5+  0-1

[Event "86th ch-Paris IdF"]
[Site "Paris FRA"]
[Date "2011.07.06"]
[Round "5.19"]
[White "Payen,Ar"]
[Black "Alfred,N"]
[Result "1-0"]
[WhiteElo "2339"]
[BlackElo "2275"]

1.e4 e6 2.d4 d5 3.Nd2 Be7 4.c3 c5 5.dxc5 Nf6 6.e5 Nfd7 7.Ngf3 Nc6 8.Bb5 Nxc5
9.O-O O-O 10.Re1 f6 11.exf6 Rxf6 12.b4 Nd7 13.Nb3 Qb6 14.Bd3 Bd6 15.Bg5 e5
16.Bxf6 Nxf6 17.b5 Ng4 18.Re2 Ne7 19.h3 e4 20.hxg4 exd3 21.Qxd3 Bxg4 22.Rae1 Qc7
23.Rxe7 Bxe7 24.Qxd5+ Kh8 25.Ne5 Bh5 26.Nf7+ Kg8 27.Qxh5  1-0

[Event "38th ch-IND w Challengers"]
[Site "Chennai IND"]
[Date "2011.07.07"]
[Round "8"]
[White "Roy,Pa"]
[Black "Madhurima,S"]
[Result "1/2-1/2"]
[WhiteElo "1944"]
[BlackElo "1854"]

1.e4 e6 2.d4 d5 3.Nd2 Nc6 4.Ngf3 Nf6 5.e5 Nd7 6.Nb3 a5 7.a4 Be7 8.c3 O-O
9.Bd3 f6 10.Qe2 Kh8 11.O-O f5 12.Bd2 b6 13.Ne1 Bb7 14.f4 Ncb8 15.Rf3 c5 16.Nc1 Nc6
17.Be3 Rc8 18.Rh3 Qe8 19.Nf3 cxd4 20.cxd4 Nb4 21.Bb1 Ba6 22.Qd1 Rc7 23.Na2 Nxa2
24.Bxa2 Qc8 25.Bd2 Nb8 26.Bc3 Qd7 27.Bb3 Rfc8 28.Qe1 Bc4 29.Bd1 Nc6 30.Qg3 Ba6
31.Qg6 h6 32.Ng5 Bxg5 33.fxg5 Qf7 34.Qxf7 Rxf7 35.gxh6 g5 36.Rf3 Kh7 37.Bb3 Kxh6
38.Re1 Kg6 39.Rg3 Rg8 40.Rc1 Rc8 41.Bc2 Rfc7 42.Rd1 Rh7 43.Bb1 Rh4 44.Re3 Rch8
45.h3 Kf7 46.Bc2 f4 47.Ree1 f3 48.Bd3 Bxd3 49.Rxd3  1/2-1/2

[Event "39th TCh-GRE"]
[Site "Eretria GRE"]
[Date "2011.07.07"]
[Round "6.5"]
[White "Markantonaki,H"]
[Black "Ikonomopoulou,M"]
[Result "1-0"]
[WhiteElo "2147"]
[BlackElo "2102"]

1.e4 e6 2.d4 d5 3.Nd2 Be7 4.Bd3 c5 5.dxc5 Nf6 6.Qe2 Nc6 7.Ngf3 Bxc5 8.O-O Qc7
9.a3 O-O 10.c4 Rd8 11.e5 Nd7 12.Re1 f6 13.exf6 Nxf6 14.Nf1 Rf8 15.Bg5 b6
16.Rac1 a5 17.Bh4 d4 18.Bg3 Bd6 19.Bxd6 Qxd6 20.Ng3 Bd7 21.Ne4 Nxe4 22.Qxe4 g6
23.Ng5 Rf4 24.Qe2 Raf8 25.f3 e5 26.Ne4 Qe7 27.c5 bxc5 28.Nxc5 Be8 29.Bc4+ Bf7
30.Bxf7+ R4xf7 31.Nd3 Rf6 32.Nxe5 Nxe5 33.Qxe5 Qxe5 34.Rxe5 Rb8 35.Rd5 Rxb2
36.Rxd4 Re6 37.Rd7 Re8 38.h4 Rbe2 39.Rcc7 Re1+ 40.Kh2 R1e6 41.Rg7+ Kh8 42.Rxh7+ Kg8
43.Rcg7+ Kf8 44.Ra7 Kg8 45.Rhc7 Re5 46.Rc6 Rh5 47.Rxg6+ Kh8 48.Kh3 a4 49.Rc6  1-0

[Event "19th Klatovy Open"]
[Site "Klatovy CZE"]
[Date "2011.07.07"]
[Round "6"]
[White "Turner,Ja"]
[Black "Kuba,S"]
[Result "1-0"]
[WhiteElo "2390"]
[BlackElo "2224"]

1.e4 e6 2.d4 d5 3.Nd2 Nc6 4.Ngf3 f5 5.exd5 exd5 6.Bb5 Bd7 7.O-O Bd6 8.Bxc6 bxc6
9.Re1+ Kf8 10.Ne5 Nf6 11.Ndf3 Ne4 12.Nd3 g5 13.Nfe5 g4 14.f3 gxf3 15.Qxf3 Bxe5
16.Nxe5 Rg8 17.Bh6+ Ke7 18.Qh5 Qe8 19.Qh4+ Ke6 20.Bf4 h5 21.Nd3 Qg6 22.g3 Qf6
23.Nc5+ Kf7 24.Qxh5+ Ke7 25.Be5 Qg6 26.Qh4+ Ke8 27.Bxc7 Rc8 28.Bf4 Be6 29.Re3 Rg7
30.Qh6 Qxh6 31.Bxh6 Rg6 32.Bf4 Nxc5 33.dxc5 d4 34.Ra3 Rg7 35.Re1  1-0

[Event "XXVI Tadeusza Gniota"]
[Site "Police POL"]
[Date "2011.07.07"]
[Round "3.5"]
[White "Neiksans,A"]
[Black "Figura,A"]
[Result "1-0"]
[WhiteElo "2495"]
[BlackElo "2358"]

1.e4 e6 2.d4 d5 3.Nd2 a6 4.Bd3 c5 5.dxc5 Bxc5 6.exd5 exd5 7.Nb3 Bd6 8.Nf3 Ne7
9.O-O O-O 10.Re1 Nbc6 11.Nbd4 h6 12.h3 Bc7 13.Be3 Qd6 14.c3 Bd7 15.Qd2 Rfe8
16.Rad1 Rad8 17.Bc2 Ng6 18.Qd3 Bc8 19.Kf1 Nce5 20.Nxe5 Qxe5 21.Nf3 Qh5 22.Ng1 Bd7
23.a4 Be6 24.Bd4 Bd6 25.Re3 Kf8 26.Rde1 Bd7 27.Bd1 Rxe3 28.Qxe3 Qg5 29.Bc5 Bxc5
30.Qxc5+ Kg8 31.Nf3 Qf6 32.Qd4 Qd6 33.Bc2 Ne7 34.Qe5 Qxe5 35.Rxe5 Kf8 36.Nd4 f6
37.Re1 Nc6 38.Rd1 Ke7 39.Bb3 Nxd4 40.Rxd4 Bc6 41.a5 Kd6 42.Ke1 Kc7 43.Kd2 Rd7
44.Bd1 b6 45.Bg4 Rd8 46.axb6+ Kxb6 47.Bf3 Rd7 48.b4 a5 49.bxa5+ Kxa5 50.Rb4 Bb5
51.Ke3 Bc4 52.Kd4 Ka6 53.Kc5 Rd8 54.Ra4+  1-0

[Event "Lev Polugaevsky Mem"]
[Site "Samara RUS"]
[Date "2011.07.07"]
[Round "3"]
[White "Glukhov,A2"]
[Black "Dimukhametov,A"]
[Result "0-1"]
[WhiteElo "2072"]
[BlackElo "2320"]

1.e4 e6 2.d4 d5 3.Nd2 Nc6 4.Ngf3 Nf6 5.e5 Nd7 6.Bb5 f6 7.exf6 Qxf6 8.Nb3 a5
9.a4 Bd6 10.O-O O-O 11.c4 dxc4 12.Bxc4 Nb6 13.Bd3 h6 14.Be4 Nd5 15.Bd2 b6
16.Bc3 Ba6 17.Bd3 Bb7 18.Nbd2 Qf7 19.Nc4 Bf4 20.Qe2 Bd6 21.Qe4 Nf6 22.Qh4 Nd5
23.Rae1 Ncb4 24.Be4 Ba6 25.Bxb4 Bxc4 26.Bxd6 cxd6 27.Bxd5 exd5 28.Re7 Qg6
29.Qg3 Qxg3 30.hxg3 Bxf1 31.Kxf1 Rac8 32.Rb7 Rc1+  0-1

[Event "e2e4 ch-IRL"]
[Site "Dublin IRL"]
[Date "2011.07.08"]
[Round "7"]
[White "Josse,Mar"]
[Black "Redmond,J"]
[Result "0-1"]
[WhiteElo "2176"]
[BlackElo "2190"]

1.e4 e6 2.d4 d5 3.Nd2 Be7 4.Ngf3 Nf6 5.e5 Nfd7 6.Bd3 c5 7.c3 b6 8.Ne4 a5
9.Ng3 Ba6 10.Bc2 Nc6 11.a3 O-O 12.h4 f5 13.Nh5 Rf7 14.Be3 Rc8 15.Rc1 Nf8
16.Nf4 Rc7 17.g4 fxg4 18.Ng5 Bxg5 19.hxg5 g6 20.Qxg4 Qc8 21.Kd2 Ne7 22.Rh6 cxd4
23.Bxd4 Nf5 24.Bxf5 Rxf5 25.Rch1 Rg7 26.R6h3 Qc4 27.b4 axb4 28.axb4 Qa2+
29.Ke3 Rgf7 30.Rf3 Qc2  0-1

[Event "10th La Fere Open"]
[Site "La Fere FRA"]
[Date "2011.07.08"]
[Round "8.8"]
[White "Rigolot,L"]
[Black "Peric,Sl"]
[Result "0-1"]
[WhiteElo "1946"]
[BlackElo "2258"]

1.e4 e6 2.d4 d5 3.Nd2 Nc6 4.Ngf3 Nf6 5.e5 Nd7 6.c3 f6 7.exf6 Nxf6 8.Bd3 Bd6
9.O-O O-O 10.Re1 Nh5 11.Ne5 Nf4 12.Ndf3 Nxe5 13.Nxe5 Nxd3 14.Qxd3 c5 15.Re3 Qh4
16.Rg3 cxd4 17.Bg5 Qe4 18.Qxe4 dxe4 19.cxd4 Bxe5 20.dxe5 Bd7 21.Rd1 Bc6 22.Rd6 Bd5
23.Rd7 Rf7 24.Rxf7 Kxf7 25.Rc3 Bxa2 26.b3 a5 27.h4 b5 28.Kf1 b4 29.Rg3 Rc8
30.Bd2 a4 31.Bxb4 axb3 32.Bc3 Rxc3 33.Rxc3 b2 34.Rc7+ Kg6 35.Rb7 b1=Q+ 36.Rxb1 Bxb1  0-1

[Event "9th Mukachevo Rating"]
[Site "Mukachevo UKR"]
[Date "2011.07.08"]
[Round "6"]
[White "Terletsky,O"]
[Black "Sychevskyy,Andriy"]
[Result "1-0"]
[WhiteElo "2199"]
[BlackElo "1938"]

1.e4 e6 2.d4 d5 3.Nd2 Nc6 4.Ngf3 Nf6 5.e5 Nd7 6.Bd3 Nb4 7.Be2 c5 8.c3 Nc6
9.Nf1 Qa5 10.a3 c4 11.Ng3 Be7 12.O-O O-O 13.Ng5 b5 14.Qc2 Bxg5 15.Bxg5 Qb6
16.Qd2 f5 17.exf6 Nxf6 18.Rae1 Bd7 19.Bd1 a5 20.Bc2 b4 21.axb4 axb4 22.Bb1 g6
23.h4 Ne7 24.h5 Nf5 25.hxg6 hxg6 26.Nxf5 exf5 27.Re7 Qd6 28.Rfe1 Ne4 29.Qf4 Qxf4
30.Bxf4 Be8 31.f3 Nf6 32.cxb4 Rf7 33.Rxf7 Kxf7 34.Bd6 Ra7 35.Bc5 Rb7 36.Bc2 Nh5
37.b3 Bb5 38.bxc4 Bxc4 39.Ba4 Ng7 40.Bc6 Rc7 41.b5 Ne6 42.Bd6 Rxc6 43.bxc6 Ba6
44.Be5 Bc8 45.Ra1  1-0

[Event "SPA Open A"]
[Site "Amsterdam NED"]
[Date "2011.07.09"]
[Round "1"]
[White "Geenen,M"]
[Black "De Roode,M"]
[Result "1-0"]
[WhiteElo "2267"]
[BlackElo "2098"]

1.e4 e6 2.d4 d5 3.Nd2 a6 4.Bd3 c5 5.dxc5 Bxc5 6.Ngf3 Nf6 7.O-O Nc6 8.a3 Qc7
9.b4 Be7 10.Bb2 Bd7 11.e5 Nh5 12.g3 b5 13.Nd4 g6 14.Nxc6 Bxc6 15.Nb3 Ng7
16.Bd4 h5 17.Qe2 h4 18.Qe3 Nf5 19.Bxf5 gxf5 20.Bc5 hxg3 21.fxg3 d4 22.Qxd4 Rd8
23.Bd6 Qc8 24.Qc5 Ba8 25.Qxc8 Rxc8 26.Nc5 Bg5 27.h4 Be3+ 28.Kh2 f4 29.Rxf4 Bxf4
30.gxf4 Rxh4+ 31.Kg3 Rh8 32.Rg1 f6 33.exf6 Kf7 34.Kf2 Rcg8 35.Rxg8 Rxg8 36.Be7 Bc6
37.Nd3 Be4  1-0

[Event "XXXIV Open"]
[Site "Barbera del Valles ESP"]
[Date "2011.07.09"]
[Round "6"]
[White "Carlsson,P"]
[Black "Perez Mitjans,O"]
[Result "1-0"]
[WhiteElo "2496"]
[BlackElo "2452"]

1.e4 e6 2.d4 d5 3.Nd2 Nc6 4.Ngf3 Nf6 5.e5 Nd7 6.c3 f6 7.Bb5 Ncb8 8.O-O f5
9.Nb3 h6 10.g4 fxg4 11.Ne1 Qe7 12.Qxg4 a6 13.Bd3 c5 14.Ng2 g5 15.f4 c4 16.Bg6+ Kd8
17.fxg5 Nc6 18.Rf7 Ndxe5 19.dxe5 Nxe5 20.Rxe7 Nxg4 21.Re8+ Kd7 22.Nd4 hxg5
23.Nxe6  1-0

[Event "TCh-TUR 2011"]
[Site "Konya TUR"]
[Date "2011.07.09"]
[Round "13"]
[White "Jannesar,Rad"]
[Black "Ozgur,Emre"]
[Result "1-0"]
[WhiteElo "1832"]
[BlackElo "1732"]

1.e4 e6 2.d4 d5 3.Nd2 Nc6 4.c3 e5 5.dxe5 Nxe5 6.Ndf3 Nxf3+ 7.Nxf3 Nf6 8.e5 Ne4
9.Bd3 Bf5 10.O-O Bg6 11.Be3 Be7 12.Qb3 Qd7 13.Qxb7 O-O 14.Bb5 Qe6 15.Qxc7 Rad8
16.Nd4 Qc8 17.Qxe7 a6 18.Ba4 Nc5 19.Nc6 Rd7 20.Qxc5 Rc7 21.Ne7+ Kh8 22.Nc6 Kg8
23.Ne7+ Kh8 24.Nxc8 Rxc5 25.Bxc5 Rxc8 26.b3  1-0

[Event "Lev Polugaevsky Mem"]
[Site "Samara RUS"]
[Date "2011.07.09"]
[Round "5"]
[White "Ramazanov,Baga"]
[Black "Komendatyan,Artyom"]
[Result "0-1"]
[WhiteElo "1912"]
[BlackElo "2001"]

1.e4 e6 2.d4 d5 3.Nd2 Be7 4.Ngf3 Nf6 5.e5 Nfd7 6.Bd3 c5 7.c3 Nc6 8.Bb1 Qb6
9.Nb3 cxd4 10.cxd4 a5 11.a4 Bb4+ 12.Kf1 f6 13.Bf4 fxe5 14.dxe5 Nf8 15.Nh4 Be7
16.Nf3 Bd7 17.g4 O-O-O 18.Kg2 Ng6 19.Bxg6 hxg6 20.Be3 Qc7 21.Rc1 Kb8 22.Nbd4 Rc8
23.Nb5 Qd8 24.Qd3 Qf8 25.h3 Qxf3+ 26.Kxf3 Nxe5+ 27.Ke2 Nxd3 28.Kxd3 Bxb5+
29.axb5 Bf6 30.Bb6 Bxb2 31.Rxc8+ Rxc8 32.Bxa5 Rc5 33.Bd2 e5 34.Rb1 e4+ 35.Ke2 Be5
36.f4 Bc3 37.Bc1 d4 38.Ba3 Rc4 39.Bd6+ Kc8 40.b6 Ba5 41.Bc7 Rc2+ 42.Kd1 Rd2+
43.Kc1 e3 44.Rb5 e2  0-1

[Event "SPA Open A"]
[Site "Amsterdam NED"]
[Date "2011.07.10"]
[Round "2"]
[White "Hendriks,Th"]
[Black "Van der Lende,I"]
[Result "0-1"]
[WhiteElo "2053"]
[BlackElo "2141"]

1.e4 e6 2.d4 d5 3.Nd2 Nc6 4.Ngf3 Nf6 5.e5 Nd7 6.c3 f6 7.exf6 Qxf6 8.Bb5 Bd6
9.Nf1 O-O 10.Ne3 Ne7 11.O-O Qg6 12.h3 Nf6 13.Bd3 Qh5 14.Be2 Ne4 15.Ng4 Qf5
16.Bd3 Ng6 17.Nfe5 Bxe5 18.dxe5 Nf4 19.Bxf4 Qxf4 20.f3 Ng3 21.Re1 h5 22.Nf2 Bd7
23.a4 Nf5 24.Bb1 Nh4 25.Nh1 Qg5 26.g3 Nxf3+ 27.Kg2 Nxe1+ 28.Qxe1 Bc6 29.Kh2 Rf3
30.h4 Qe3 31.Qd1 Raf8 32.Bg6 Qxe5 33.Qd2 R8f6 34.Re1 Qd6 35.Bxh5 Rf1 36.Rxf1 Rxf1
37.Qd3 Qf8 38.Qe2  0-1

[Event "St Pauli Open"]
[Site "Hamburg GER"]
[Date "2011.07.10"]
[Round "2.37"]
[White "Klein,Rai"]
[Black "Magnussen,H"]
[Result "1/2-1/2"]
[WhiteElo "1968"]
[BlackElo "2137"]

1.e4 e6 2.d4 d5 3.Nd2 Nc6 4.c3 e5 5.exd5 Qxd5 6.Ngf3 exd4 7.Bc4 Qh5 8.cxd4 Be6
9.Bxe6 fxe6 10.O-O O-O-O 11.Qb3 Qd5 12.Re1 Nf6 13.Rxe6 Nxd4 14.Qxd5 Rxd5
15.Nxd4 Rxd4 16.Nf3 Rd1+ 17.Re1 Rxe1+ 18.Nxe1 Bc5 19.Bf4 Rd8 20.Kf1 h6 21.Rc1 Bb6
22.Rc2 g5 23.Be5 Ng4 24.Bg3 h5 25.h3 Nh6 26.Nf3 Rd5  1/2-1/2

[Event "Lev Polugaevsky Mem"]
[Site "Samara RUS"]
[Date "2011.07.10"]
[Round "6"]
[White "Kharlov,A"]
[Black "Borisenko,An"]
[Result "1-0"]
[WhiteElo "2532"]
[BlackElo "2376"]

1.e4 e6 2.d4 d5 3.Nd2 Nc6 4.Ngf3 Nf6 5.e5 Nd7 6.Nb3 Be7 7.c3 a5 8.a4 b6 9.h4 h6
10.h5 Ba6 11.Bxa6 Rxa6 12.Rh3 Ndb8 13.Rg3 Bf8 14.Rg4 Kd7 15.Bd2 Kc8 16.Nc1 Kb7
17.Nd3 Ra8 18.b4 Qe8 19.Qb3 Kc8 20.b5 Ne7 21.Rc1 Kb7 22.Kf1 Nd7 23.c4 dxc4
24.Qxc4 Rc8 25.Nf4 c6 26.Rb1 Ka7 27.bxc6 Rxc6 28.Qb3 Qc8 29.Kg1 Rc4 30.d5 Nxd5
31.Nxd5 exd5 32.Nd4 Bb4 33.Bxb4 axb4 34.Nb5+ Ka6 35.Nd6 Rc1+ 36.Kh2 Nxe5
37.Rxb4 Rxb1 38.Rxb6+  1-0

[Event "8th South Wales Int"]
[Site "Penarth WLS"]
[Date "2011.07.11"]
[Round "5.6"]
[White "Waterfield,J"]
[Black "Brown,Mart"]
[Result "1-0"]
[WhiteElo "1992"]
[BlackElo "2130"]

1.e4 e6 2.d4 d5 3.Nd2 Nc6 4.Ngf3 Nf6 5.e5 Nd7 6.c3 f6 7.exf6 Qxf6 8.Bb5 Bd6
9.O-O O-O 10.Nb3 a5 11.a4 e5 12.c4 e4 13.Ng5 h6 14.cxd5 hxg5 15.dxc6 Nb6
16.Qh5 Bf4 17.Bxf4 Qxf4 18.h4 gxh4 19.Nc5 Rb8 20.cxb7 Bxb7 21.Nxb7 Rxb7 22.Rae1 Rbb8
23.Qe5 Rf5 24.Qe6+ Kh8 25.Rxe4 Qg5 26.Rxh4+ Qxh4 27.Qxf5 Qxd4 28.Bd3 Qh4
29.g3 Qh6 30.Kg2 g6 31.Qxa5 Rf8 32.Rh1 Rxf2+ 33.Kg1 Qxh1+ 34.Kxh1 Nd7 35.Qc3+ Kg8
36.Qd4 Rf7 37.Bc4 Nf8  1-0

[Event "Open ch-SVK A"]
[Site "Banska Stiavnica SVK"]
[Date "2011.07.12"]
[Round "4"]
[White "Petenyi,T"]
[Black "Gonda,L"]
[Result "1/2-1/2"]
[WhiteElo "2398"]
[BlackElo "2512"]

1.e4 e6 2.d4 d5 3.Nd2 a6 4.Ngf3 Nf6 5.e5 Nfd7 6.c4 c5 7.cxd5 exd5 8.Bd3 Nc6
9.O-O Be7 10.Re1 O-O 11.dxc5 Nxc5 12.Bb1 Bg4 13.h3 Bh5 14.Nf1 d4 15.Ng3 Bg6
16.Nf5 d3 17.Nxe7+ Qxe7 18.Bg5 Qd7 19.Be3 Ne6 20.a4 Qe7 21.Ra3 Rfd8 22.Qd2 Nb4
23.Rc3 Nd5 24.Rb3 Nxe3 25.Qxe3 Nc5 26.Ra3 a5 27.Rd1 Rac8 28.Rd2 h6 29.Kh2 Be4
30.Rc3 Bxf3 31.gxf3 Rd5 32.f4 Rcd8 33.Ba2 Rd4 34.Rc4 Rxc4  1/2-1/2

[Event "ch-Central Serbia Int Open A"]
[Site "Paracin SRB"]
[Date "2011.07.12"]
[Round "5.39"]
[White "Zajic,Milan"]
[Black "Jovanovic,Boj2"]
[Result "1-0"]
[WhiteElo "2074"]
[BlackElo "2222"]

1.e4 e6 2.d4 d5 3.Nd2 Be7 4.Bd3 c5 5.dxc5 Nf6 6.Qe2 a5 7.Ngf3 O-O 8.O-O Na6
9.exd5 Qxd5 10.Nc4 Bxc5 11.c3 b6 12.Nce5 Be7 13.Rd1 Qc5 14.Bg5 Nd5 15.c4 Bxg5
16.Bxh7+ Kxh7 17.Nxg5+ Kg8 18.Rxd5 Qe7 19.Qh5 Qxg5 20.Qxg5 exd5 21.Nc6 Re8
22.Ne7+ Kf8 23.Nxd5 Be6 24.Nxb6 Rab8 25.Qxa5 Nc7 26.Qc5+ Re7 27.Rd1 Na6 28.Qd6 Ke8
29.h3 Reb7 30.Nd5 Ra8  1-0

[Event "31st Benasque Open"]
[Site "Benasque ESP"]
[Date "2011.07.13"]
[Round "7"]
[White "Esserman,M"]
[Black "Timoshenko,G"]
[Result "0-1"]
[WhiteElo "2453"]
[BlackElo "2568"]

1.e4 e6 2.d4 d5 3.Nd2 Nc6 4.Ngf3 Nf6 5.e5 Nd7 6.Nb3 a5 7.a4 Be7 8.Bb5 Na7
9.Bd3 b6 10.Bd2 c5 11.dxc5 Nxc5 12.Nxc5 bxc5 13.c3 h6 14.O-O Qb6 15.b4 axb4
16.cxb4 cxb4 17.Be3 Qb8 18.Nd4 Qxe5 19.Re1 O-O 20.Bxh6 Qf6 21.Re3 Qxh6 22.Rh3 Qxh3
23.gxh3 Bf6 24.Bc2 e5 25.Nf3 Rd8 26.Rc1 Bxh3 27.Nxe5 Bxe5 28.Qh5 Bf4 29.Qxh3 Bxc1
30.Qh7+ Kf8 31.Qh8+ Ke7 32.Qh4+ Ke8 33.Qxb4 Bg5 34.a5 Be7 35.Qg4 Kf8 36.Qh5 Bf6
37.Bb3 g6 38.Qf3 Kg7 39.Bxd5 Rab8 40.h4 Rb5 41.h5 gxh5 42.Bc4 Rg5+ 43.Kf1 Rd7
44.a6 h4 45.Bd3 Rc7 46.Qe3 Re7 47.Qf3 Re6 48.Bc4 Rc6 49.Bd3 Rc3 50.Qe3 Nc6
51.Qb6 Bd4 52.Qb7 Rxd3  0-1

[Event "SPA Open A"]
[Site "Amsterdam NED"]
[Date "2011.07.14"]
[Round "6"]
[White "Schneider,Ve"]
[Black "De Roode,M"]
[Result "1/2-1/2"]
[WhiteElo "2331"]
[BlackElo "2098"]

1.e4 e6 2.d4 d5 3.Nd2 a6 4.Ngf3 c5 5.dxc5 Bxc5 6.Bd3 Nf6 7.O-O Nc6 8.exd5 Qxd5
9.Qe2 h6 10.Ne4 Be7 11.Rd1 Qh5 12.Ng3 Qa5 13.c4 Qc7 14.b3 e5 15.Bb2 Bg4 16.h3 Bxf3
17.Qxf3 g6 18.Re1 O-O-O 19.Ne4 Nh5 20.Nc3 Nd4 21.Qg4+ f5 22.Bxf5+ gxf5 23.Qxh5 Bc5
24.Nd5 Qg7 25.Bxd4 Bxd4 26.Rad1 Rhg8 27.Qxf5+ Kb8 28.Qe4 Rdf8 29.Re2 Rf5
30.Kf1 Rgf8 31.Rdd2 Qg3 32.Ke1 Rxf2 33.Kd1 Rf1+ 34.Re1 R1f2 35.Qg4 Rxd2+
36.Kxd2 Qxg4 37.hxg4 Rg8 38.Re4 Rf8 39.Kd3 Rf2 40.Re2 Rf1 41.Ke4 Kc8 42.Ne7+ Kd7
43.Nf5 Rf4+ 44.Kd5 Rxg4 45.Nxh6 Rf4 46.g4 b6 47.g5 Bc3 48.Re4 Rf2 49.Rg4 Rxa2
50.g6 Rd2+ 51.Ke4 Rd4+ 52.Kf3 Rf4+ 53.Rxf4 exf4 54.Nf5 Kc6 55.Kxf4 Kc5 56.Ke4 a5
57.Kd3 Bf6 58.g7 Bxg7 59.Nxg7 Kb4 60.Ne6 Kxb3 61.Nc7 a4  1/2-1/2

[Event "Najdorf Memorial"]
[Site "Warsaw POL"]
[Date "2011.07.14"]
[Round "2.41"]
[White "Sawicki,M"]
[Black "Lindborg,Pe"]
[Result "1-0"]
[WhiteElo "2045"]
[BlackElo "2179"]

1.e4 e6 2.d4 d5 3.Nd2 Nc6 4.Ngf3 Nf6 5.e5 Nd7 6.c3 f6 7.exf6 Qxf6 8.Nb3 Bd6
9.Bg5 Qf7 10.Be2 O-O 11.Bh4 Bf4 12.O-O h6 13.Bg3 Ne7 14.Nc1 Bd6 15.Nd3 Nc6
16.Qd2 Nf6 17.Nfe5 Ne4 18.Qe3 Qe8 19.Bh4 Ne7 20.Qh3 Nf5 21.Bg3 Ng5 22.Qg4 Bd7
23.h4 Nh7 24.Bf4 Nf6 25.Qh3 Bb5 26.g4 Bxe5 27.dxe5 Ne4 28.gxf5 Rxf5 29.Bg3 Qg6
30.Kh1 Raf8 31.Qg2 Nd2 32.Nf4 Rxf4 33.Bxf4 Qxg2+ 34.Kxg2 Rxf4 35.Bxb5 Nxf1
36.Rxf1 Rxh4 37.f4 g6 38.Kg3 g5 39.Bd7  1-0

[Event "10th Bergamo Open"]
[Site "Bergamo ITA"]
[Date "2011.07.15"]
[Round "2.7"]
[White "Player,E"]
[Black "Drazic,S"]
[Result "0-1"]
[WhiteElo "2214"]
[BlackElo "2501"]

1.e4 e6 2.d4 d5 3.Nd2 a6 4.Ngf3 Nf6 5.Bd3 c5 6.exd5 Nxd5 7.Nb3 Nd7 8.c4 N5f6
9.O-O Be7 10.dxc5 Nxc5 11.Nxc5 Bxc5 12.b4 Be7 13.Bb2 O-O 14.Bc3 b6 15.Qc2 h6
16.Rad1 Qc7 17.Be5 Qa7 18.Qc3 a5 19.a3 Bb7 20.Nd4 axb4 21.axb4 Qa4 22.Rb1 Qd7
23.Rfd1 Rfd8 24.Bc2 Qc8 25.f3 Ba6 26.Bb3 Nd5 27.Qb2 Nxb4 28.Bxg7 Qc5 29.Kh1 Qg5
30.Nxe6 fxe6 31.Bh8 Nd3 32.Rxd3 Rxd3 33.c5 Rxb3 34.Qxb3 Kxh8 35.cxb6 Rg8  0-1

[Event "III Corporation Cup A"]
[Site "Izhevsk RUS"]
[Date "2011.07.15"]
[Round "1"]
[White "Belova,O"]
[Black "Aitbayev,A"]
[Result "0-1"]
[WhiteElo "1976"]
[BlackElo "2346"]

1.e4 e6 2.d4 d5 3.Nd2 Be7 4.Ngf3 Nf6 5.e5 Nfd7 6.Bd3 c5 7.c3 Nc6 8.O-O g5
9.dxc5 g4 10.Nd4 Ndxe5 11.N2b3 Nxd3 12.Nxc6 bxc6 13.Qxd3 a5 14.Qc2 a4 15.Nd4 Bxc5
16.Nxc6 Qc7 17.Bh6 Qxc6 18.Bg7 Bb7 19.Kh1 Rg8 20.Qxh7 O-O-O 21.b4 axb3 22.axb3 d4
23.f3 d3 24.Bf6 gxf3 25.gxf3 Qxf3+  0-1

[Event "Pinnacle 48th COCC"]
[Site "Toronto CAN"]
[Date "2011.07.15"]
[Round "7"]
[White "Rozentalis,E"]
[Black "Thavandiran,S"]
[Result "1-0"]
[WhiteElo "2571"]
[BlackElo "2320"]

1.e4 e6 2.d4 d5 3.Nd2 Nc6 4.Ngf3 Nf6 5.e5 Nd7 6.Bb5 a6 7.Bxc6 bxc6 8.O-O c5
9.c3 cxd4 10.cxd4 a5 11.Re1 Ba6 12.Nb1 c5 13.Bg5 Qb6 14.Nc3 Qxb2 15.Na4 Qb5
16.Rb1 Qc6 17.dxc5 Nxc5 18.Nc3 h6 19.Nd4 Qd7 20.Bh4 Be7 21.Bxe7 Qxe7 22.Nxd5 exd5
23.Nf5 Qa7 24.Nd6+ Ke7 25.Qf3 f5 26.Nxf5+ Kf7 27.e6+ Kg8 28.e7 Kh7 29.Nd6 Bd3
30.Rb7 Qa6 31.e8=Q Rhxe8 32.Rxg7+ Kxg7 33.Qf7+ Kh8 34.Nxe8 Qb7 35.Qf8+  1-0

[Event "Oberwart Open"]
[Site "Oberwart AUT"]
[Date "2011.07.16"]
[Round "8"]
[White "Wallner,J"]
[Black "Bukal,V jr"]
[Result "0-1"]
[WhiteElo "2328"]
[BlackElo "2415"]

1.e4 e6 2.d4 d5 3.Nd2 a6 4.Ngf3 Nf6 5.e5 Nfd7 6.c4 c5 7.cxd5 exd5 8.Bd3 Nc6
9.O-O Be7 10.Re1 O-O 11.a3 g6 12.dxc5 Nxc5 13.Bb1 a5 14.h3 Qb6 15.b3 Be6
16.Bb2 Na4 17.Qc1 Nxb2 18.Qxb2 Bc5 19.Re2 Nd4  0-1

[Event "Oberwart Open"]
[Site "Oberwart AUT"]
[Date "2011.07.16"]
[Round "8"]
[White "Pergel,L"]
[Black "Ruescher,C"]
[Result "1-0"]
[WhiteElo "2258"]
[BlackElo "2031"]

1.e4 e6 2.d4 d5 3.Nd2 Nc6 4.Ngf3 Nf6 5.e5 Nd7 6.Bd3 f6 7.Ng5 Ndxe5 8.dxe5 fxg5
9.Qh5+ g6 10.Bxg6+ Kd7 11.h4 Nxe5 12.Bxh7 Be7 13.hxg5 Bxg5 14.Nb3 Bf6 15.Rh3 b6
16.f4 Nc4 17.c3 Qe7 18.g4 Ba6 19.g5 Bg7 20.Kd1 Rxh7 21.Qxh7 Rh8 22.Qxh8 Bxh8
23.Rxh8 Qf7 24.Nd4 c5 25.b3 Nd6 26.Nf3 Qf5 27.Ne5+ Kc7 28.g6 Qe4 29.Rh2 Nb5
30.Bd2 Nxc3+ 31.Bxc3 Qxf4 32.g7 Qg3 33.Rh7 Kd6 34.g8=Q Qxc3 35.Qb8+  1-0